Statistiche per Regioni casuali d'Italia

Clicka qui per fare il quiz!

Statistiche generali

  • Questo quiz è stato fatto 140 volte
  • Il punteggio medio è 5 su 5

Risposte nella Mappa

Le risposte nella mappa del quiz sottostante sono codificate secondo una scala di colori dal rosso al verde in base alla % di persone che hanno risposto correttamente.
 

Statistiche sulle risposte

CapitalRegion% Corretto
L'AquilaAbruzzo
100%
AostaAosta Valley
100%
BariApulia
100%
PotenzaBasilicata
100%
CatanzaroCalabria
100%
NaplesCampania
100%
BolognaEmilia-Romagna
100%
TriesteFriuli-Venezia Giulia
100%
RomeLazio
100%
GenoaLiguria
100%
AnconaMarche
100%
CampobassoMolise
100%
TurinPiedmont
100%
CagliariSardinia
100%
PalermoSicily
100%
TrentoTrentino-Alto Adige
100%
PerugiaUmbria
100%
VeniceVeneto
100%
MilanLombardy
80%
FlorenceTuscany
67%

Distribuzione punteggi

Percentile per numero di risposta

Percentuale di utenti per punteggio

I tuoi punteggi nel tempo

Non hai fatto questo quiz